A Roadmap for Enabling Industry 4.0 by Artificial Intelligence /

שמור ב:
מידע ביבליוגרפי
מחבר ראשי: Chatterjee, Jyotir Moy (edición)
מחברים אחרים: Garg, Harish (edición) (edición), Thakur, R. N. (edición) (edición)
פורמט: ספר
שפה:אנגלית
יצא לאור: Hoboken, EUA : Wiley, 2023, c2023
גישה מקוונת:Ver documento en línea
תגים: הוספת תג
אין תגיות, היה/י הראשונ/ה לתייג את הרשומה!

MARC

LEADER 00000nam^a22000000a04500
001 000630805
005 20260416000000.0
009 20260416155717.684
020 |a 9781119905134 
037 |a Acervo ITESO - Biblioteca 
041 |a ING 
082 |a Libro en línea 
100 |a Chatterjee, Jyotir Moy  |e (edición) 
245 1 2 |a A Roadmap for Enabling Industry 4.0 by Artificial Intelligence / 
264 4 |a Hoboken, EUA :  |b Wiley,  |c 2023, c2023 
264 2 |a Hoboken, EUA :  |b Wiley [distribución],  |c 2025 
300 |a 1 libro electrónico en línea ( p.) 
300 |a 1 recurso en línea 
336 |a datos para computadora  |b cod  |2 rdacontenido 
337 |a computadora  |b c  |2 rdamedio 
338 |a recurso en línea  |b cr  |2 rdasoporte 
506 0 |a Licencias ilimitadas 
521 |a Wiley 2026 EEnlace Departamento de Electrónica, Sistemas e Informática 
567 |a Catalogación rápida 
649 |a XX 
700 |a Garg, Harish  |e (edición) 
700 |a Thakur, R. N.  |e (edición) 
856 4 0 |u https://ezproxy.iteso.mx/login?qurl=https%3A%2F%2Fieeexplore.ieee.org%2Fservlet%2Fopac%3Fbknumber%3D10950253  |y Ver documento en línea 
910 |a Fondo General 
920 |a Electrónicos - Libros en Línea 
930 |a Plataforma Digital 
905 |a 205 
902 |a https://opac.biblio.iteso.mx/vufind/Record/000630805